01214cam a2200349 i 4500952013400000999001700134001000900151003000400160005001700164008004100181010001700222020001800239040002900257042000800286043002100294050002400315082002900339100002700368245004400395264003900439300002400478336002100502337002500523338002300548500002000571600003400591650005700625650003300682651005400715906004500769942005000814 00102ddc40708NFICaMESbMEScMGCd2019-02-20g899.00l0o954.035092 GUH/Gp38219r2019-02-20 00:00:00w2019-02-20yBKzGR11R4 c21677d2167717831301OSt20210206121843.0130730s2014 nyub 001 0beng  a 2013025014 a9780670083879 aDLCbengcoclcerdadDLC apcc aa-ii---af-sa---00aDS481.G3bG824 201400a954.035092aB223bGUH/G1 aGuha, Ramachandra911810aGandhi Before India /cRamachandra Guha 1aNew Delhi :bPenguin Books,c2013. a672pbmaps ;c25 cm atext2rdacontent aunmediated2rdamedia avolume2rdacarrier aIncludes index.00aGandhi,cMahatma,d1869-1948. 0aEast IndianszSouth AfricaxPolitics and government. 0aStatesmenzIndiavBiography. 0aSouth AfricaxPolitics and governmenty1836-1909. a7bcbccorignewd1eecipf20gy-gencatlg 2ddccBKh954.035092iGUH/Gk954.035092mGUH/G